Pes baskervillský /
Klasický detektivní román s hororovými prvky situovaný do viktoriánské Anglie představuje v promyšlené zápletce Sherlocka Holmese a jeho pomocníka dr. Watsona.
Uloženo v:
| Hlavní autor: | |
|---|---|
| Další autoři: | , |
| Médium: | E-kniha |
| Jazyk: | Czech |
| Vydáno: |
Praha :
XYZ,
2022
|
| Vydání: | V této podobě 1. vydání |
| Témata: | |
| Tagy: |
Žádné tagy |
| LEADER | 02713nam a2200445 i 4500 | ||
|---|---|---|---|
| 001 | 311576 | ||
| 003 | CZ PrSKC | ||
| 005 | 20260601215708.0 | ||
| 007 | ta | ||
| 008 | 220516s2022 xr a g 000 f cze | ||
| 015 | |a cnb003421683 | ||
| 020 | |a 9788076831094 |q (vázáno) : |c Kč 299,00 | ||
| 035 | |a (OCoLC)1335742916 | ||
| 040 | |a ABG001 |b cze |d ABA001 |e rda | ||
| 041 | 1 | |a cze |h eng | |
| 072 | 7 | |a 821.111-3 |x Anglická próza, anglicky psaná |2 Konspekt | |
| 080 | |a 821.111-31 |2 MRF | ||
| 080 | |a (0:82-312.4) |2 MRF | ||
| 100 | 1 | |a Doyle, Arthur Conan, |d 1859-1930 |7 jn19990001842 |4 aut | |
| 240 | 1 | 0 | |a Hound of the Baskervilles. |l Česky |7 aun2007424248 |
| 245 | 1 | 0 | |a Pes baskervillský / |c Arthur Conan Doyle ; z anglického originálu The hound of the Baskervilles přeložil ... Josef Pachmayer ; ilustrace Martin Mrázik |
| 250 | |a V této podobě 1. vydání | ||
| 264 | 1 | |a Praha : |b XYZ, |c 2022 | |
| 300 | |a 257 stran : |b ilustrace ; |c 22 cm | ||
| 336 | |a text |b txt |2 rdacontent | ||
| 337 | |a bez média |b n |2 rdamedia | ||
| 338 | |a svazek |b nc |2 rdacarrier | ||
| 520 | 2 | |a Klasický detektivní román s hororovými prvky situovaný do viktoriánské Anglie představuje v promyšlené zápletce Sherlocka Holmese a jeho pomocníka dr. Watsona. |b Nejslavnější Doylův detektivní příběh vypráví o záhadných úmrtích na venkovském panství v pochmurné vřesovištní krajině, které přijíždí vyřešit slavný Sherlock Holmes se svým přítelem a pomocníkem doktorem Watsonem. Za zdánlivě nadpřirozeným řáděním vraždícího nepolapitelného psa se skrývá, jak se nakonec Holmesovi podaří prokázat, neovladatelná lidská hamižnost a zášť. Jedinečné líčení atmosféry tajemství a hrůzy z událostí, které se zdánlivě vzpírají lidskému chápání, vychází u této nejznámější anglické detektivky z principů gotického románu. | |
| 655 | 7 | |a anglické romány |7 fd131814 |2 czenas | |
| 655 | 7 | |a detektivní romány |7 fd132010 |2 czenas | |
| 655 | 9 | |a English fiction |2 eczenas | |
| 655 | 9 | |a detective novels |2 eczenas | |
| 700 | 1 | |a Pachmayer, Josef, |d 1864-1928 |7 jk01091502 |4 trl | |
| 700 | 1 | |a Mrázik, Martin, |d 1968- |7 jn20000401815 |4 ill | |
| 900 | |a ABA001 |b 20 | ||
| 928 | 9 | |a Albatros Media - XYZ | |
| 044 | |a xr | ||
| 910 | |a RBIT002 | ||
| 998 | |d 352517 |a https://core.palmknihy.cz/api/books/352517/cover?si6rg7 |b https://core.palmknihy.cz/api/books/352517/cover/400?si6rg7 |c https://core.palmknihy.cz/api/books/352517/cover/50?si6rg7 |e 2050-12-31 |g 264 |i 9788076831094 |j https://core.palmknihy.cz/api/books/352517/preview.epub |k https://core.palmknihy.cz/api/books/352517/preview.pdf |l |q 49 |r 1 |s https://www.palmknihy.cz/kniha/352517 |t ebook |y 2022 |z 0 | ||
| 999 | |d 311574 | ||